Statistics for Top Roblox Games

Click here to take the quiz!

General Stats

  • This quiz has been taken 76 times
  • The average score is 4 of 10

Answer Stats

HintAnswer% Correct
1stAdopt Me
91%
10thBrookhaven
76%
8thPiggy
54%
5thBlox Fruits
45%
2ndMurder Mystery 2
45%
6thTower of Hell
36%
4thArsenal
19%
3rdSlap Battles
9%
9thDungeon Quest
7%
7thSurvive the Killer
7%

Score Distribution

Percentile by Number Answered

Percent of People with Each Score

Your Score History

You have not taken this quiz